Statistiken für Gemeinden Liechtensteins mit Karte

Klicken Sie hier um das Quiz zu spielen!

Allgemein

  • Dieses Quiz wurde 204 mal gespielt
    (173 seit der letzten Aktualisierung)
  • Das Durchschnittsergebnis liegt bei 6 aus 11

Antworten auf der Karte

Die Antworten werden auf der Karte rot bzw. grün angezeigt, abhängig davon wie oft sie richtig erraten wurden.
 

Antwortstatistiken

EinwohnerGemeinde% Korrekt
5668Vaduz
100%
5998Schaan
78%
5230Triesen
66%
2643Triesenberg
62%
4628Balzers
58%
1091Schellenberg
54%
4404Mauren
51%
4459Eschen
48%
2295Ruggell
46%
1663Gamprin
39%
478Planken
35%

Verteilung der Resultate

Perzentil nach korrekt beantworteten Fragen

Anzahl Personen mit jedem Resultat

Ihre Resultats-Entwicklung

Sie haben dieses Quiz seit der letzten Aktualisierung nicht gespielt